| 000 | 00522nam a22001817a 4500 | ||
|---|---|---|---|
| 999 |
_c5942 _d5942 |
||
| 003 | AR-CdUCM | ||
| 008 | 190313b ||||| |||| 00| 0 spa d | ||
| 040 |
_aMUNICIPALIDAD PROVINCIAL DEL CUSCO _cBIBLIOTECA MUNICIPAL DEL CUSCO |
||
| 082 |
_21ed. _a869.56018 / _bC69 |
||
| 245 | _aClithorys / | ||
| 260 |
_aLima ; _bJuan Mejia Baca, _c1975. |
||
| 300 |
_a62 paginas ; _bIlustraciones, _c21cm. |
||
| 500 | _aLiteratura | ||
| 650 |
_aLiteratura Peruana _9132 |
||
| 650 |
_aSiglo XX _98 |
||
| 942 |
_2ddc _cLIBROS |
||
| 945 | _apjha | ||